000 00542nam a22002297a 4500
003 UA-OsUOA
001 26055
007 ta
008 20040511b un ||||| |||| 00| 0 ukr d
090 _a39
_bО-75
942 _cBK
040 _aUA-OsUOA
_brus
_cUA-OsUOA
_dUA-OsUOA
245 _aОсновы етнографии
_cРед. С.А.Токарев
300 _a356 с.
955 _a0
041 _arus
080 _a39
260 _aМосква
_bВисшая школа
_c1968
044 _aRU
650 7 _2UDC
999 _c312366
_d312366